000 01019nam a22001937a 4500
999 _c62003
_d62003
003 Ge_BSU
005 20240620125239.0
008 240620s1963 ge ||||| |||| 00| 0 geo d
041 _ageo
080 _a61(479.22)(09) ს-12
100 _aსააკაშვილი, მ.გ.
_922518
245 _aსაქართველოს მედიცინის ისტორია :
_bტ. 4. წ. 2, ბუნებისმეტყველი თერგდალეულთა თაობიდან /
_cმ.გ. სააკაშვილი, ა.პ. გელაშვილი.
264 _aთბილისი :
_bსაბჭოთა საქართველო,
_c1963.
300 _a150 გვ.;
_b23 სმ.
653 _aსაქართველოს მედიცინა
700 _aზურაბიშვილი, ა.
_eრედაქტორი
_922519
700 _aგორგილაძე, ლ.
_eრედაქტორი
_91509
942 _2udc
_cᲬᲘᲒᲜᲘ